000
00307nam a22001337a 4500
008
171018b xxu||||| |||| 00| 0 eng d
020
_a
9780073381244
041
_a
eng
080
_2
16 ED
_a
338
100
_a
53
101
_a
MEN
245
_a
CRAFTING EXECUTING STRATEGY
_c
GAMBLE.J.E
942
_2
udc
_c
BK
999
_c
34677
_d
34677